| 000 -LEADER |
| fixed length control field |
00614nam a22002057a 4500 |
| 008 - FIXED-LENGTH DATA ELEMENTS--GENERAL INFORMATION |
| fixed length control field |
131113b xxu||||| |||| 00| 0 eng d |
| 020 ## - INTERNATIONAL STANDARD BOOK NUMBER |
| International Standard Book Number |
3854282230 |
| 041 0# - LANGUAGE CODE |
| Language code of text/sound track or separate title |
eng |
| 080 ## - UNIVERSAL DECIMAL CLASSIFICATION NUMBER |
| Universal Decimal Classification number |
339 |
| 100 1# - Rafti |
| Rafti |
Eife, Franz Ferdinand |
| 245 10 - TITLE STATEMENT |
| Title |
Mergers & Acquisitions : |
| Statement of responsibility, etc |
Franz Ferdinand Eife, Wolfgang Molzer |
| 260 ## - |
| -- |
Wien : |
| -- |
Service Fachverlag ; |
| -- |
1993. |
| 300 ## - |
| -- |
119 f. : |
| -- |
24 cm. |
| 500 ## - |
| -- |
Vorwort : f. 7 |
| 500 ## - |
| -- |
Einleitung : f. 9-11 |
| 505 ## - |
| -- |
Literaturhinweise : f. 113 - 119 |
| 650 #0 - |
| -- |
Blerja |
| 650 #0 - |
| -- |
Bizneset |
| 942 ## - ADDED ENTRY ELEMENTS (KOHA) |
| Source of classification or shelving scheme |
|
| Item type |
Books |